000 00534nas a2200205 4500
001 BR7303144
003 BR-BrBNA
005 20231205082450.0
007 ta
008 230509b bl.|||p| |||| 00| 00por d
040 _aBR-BrBNA
_bpor
_cBiblioteca Nacional de Agricultura
041 _a(Pt)
072 _aH20
100 1 _aAnon.
245 1 _aA ferrugem do cafe
650 _aFERRUGEM
773 0 _tRealidade Rural (Brazil)
_x
_g(1970), (no. 80) p. 9
_wBR7303144
909 _a202311
_bLúcia
_c55
_dLúcia Elande
942 _2AGRIS
_n0
_cANA
999 _c92051
_d92051